| 000 | 01256cam a22003495a 4500 | ||
|---|---|---|---|
| 001 | 15648864 | ||
| 003 | OSt | ||
| 005 | 20140310182751.0 | ||
| 008 | 090306s2009 ph 000 0 eng | ||
| 010 | _a 2009316202 | ||
| 020 | _a9789719246091 (v. 1) | ||
| 020 | _a9789719246060 (v. 2) | ||
| 020 | _a9789719246077 (v. 3) | ||
| 020 | _a9789719246084 (v. 4) | ||
| 040 |
_aDLC _cDLC _dDLC |
||
| 042 | _alcode | ||
| 043 | _aa-ph--- | ||
| 050 |
_aDS 686.6 _b.Si623 2009 |
||
| 082 |
_aM 320.9599 _bS623 2009 |
||
| 100 | 1 |
_aSison, Jose Maria, _d1939- |
|
| 245 | 1 | 0 |
_aSelected writings of Jose Ma. Sison, 1991-2009 _cSison, Jose Ma. _bFor justice, socialism and peace |
| 260 |
_aPhilippines _bAklat ng Bayan _cc2009 |
||
| 300 |
_a4 v., 214 p. _c23 cm. |
||
| 505 | 0 | _av. 1. For justice, socialism and peace -- v. 2. For democracy and socialism against imperialist globalization -- v. 3. Crisis of imperialism and people's resistance -- v. 4. People's struggle against imperialist plunder and terror. | |
| 521 | _aCollege students | ||
| 526 | _c1210L-1700L | ||
| 541 | _j1 | ||
| 562 | _e1 | ||
| 906 |
_a7 _bpar _corigode _d3 _encip _f20 _gy-gencatlg |
||
| 942 |
_2lcc _cBK _kM |
||
| 999 |
_c15755 _d15755 |
||